Uttar bharatiya tantra vadya evam vadan shailiyon ka vikas (Record no. 17127)

MARC details
000 -LEADER
fixed length control field 00485nam a2200169Ia 4500
008 - FIXED-LENGTH DATA ELEMENTS--GENERAL INFORMATION
fixed length control field 230917s9999||||xx |||||||||||||| ||und||
020 ## - ISBN
Price RS800
040 ## - CATALOGING SOURCE
-- 229828
Original cataloging agency VIVEKANANDA LIBRARY
041 ## - Language
-- English
082 ## - DDC NUMBER
Classification number 785.0954 C392U
100 ## - MAIN ENTRY--PERSONAL NAME
Personal name Chaturvedi, Vibha
245 #0 - TITLE STATEMENT
Title Uttar bharatiya tantra vadya evam vadan shailiyon ka vikas
260 ## - PUBLICATION, DISTRIBUTION, ETC. (IMPRINT)
Place of publication, distribution, etc Varanasi
Name of publisher, distributor, etc Maneesha Prakashan
Date of publication, distribution, etc 2012
300 ## - PHYSICAL DESCRIPTION
Pages vi, 200 p.
500 ## - GENERAL NOTE
General note 2234 24/12/2015 SP15/6042 25/12/2015 Main Budget
942 ## - ADDED ENTRY ELEMENTS (KOHA)
Koha item type Books
Holdings
Withdrawn status Lost status Damaged status Not for loan Location (home branch) Sublocation or collection (holding branch) Date acquired Koha issues (times borrowed) Koha full call number Accession No. Koha date last seen Koha item type
        VIVEKANANDA LIBRARY VIVEKANANDA LIBRARY 27/02/2016   785.0954 C392U 351454 17/09/2023 Books
        VIVEKANANDA LIBRARY VIVEKANANDA LIBRARY 27/02/2016   785.0954 C392U 351455 17/09/2023 Books
© Designed and Maintained by Vivekananda Library, MDU Rohtak